000
00269nam a2200109Ia 4500
008
230302s9999 xx 000 0 und d
082
_a
004.67RUB
100
_a
RUBY (Sam)
245
_a
Agile web Development with rails 4
260
_a
NEW DELHI
_b
PEARSON
365
_c
RS
999
_c
155921
_d
155921